00731nam a2200241 a 4500001001300000003000900013005001700022008004100039020002300080082001700103100001700120245004700137260003500184300000900219500003500228505002800263650001900291700001700310902000800327942000700335952013000342999001700472nice12345678IN_TiNIC20260116014509.0090106s2007 dela grp 000 0 eng  a8178241471 c79500a954.023bKUM aKunar, Sunil aEmergence of the Delhi Sultanate-1192-1286 aDelhi bPermanent Black c2007 a422p aincludes index and biblioraphy2 aappendix, biblio, index aDelhi Sultanat1 aKunar, Sunil bSRS cBK 001040708StackRoom-aHMIbHMId2013-01-16g795.00l2o954.023 KUMp022558r2019-10-31s2019-08-16v795.00w2009-01-06yBK c15630d15630